00461nam a2200157 a 450000100100000000500170001000800410002702000150006804000250008308200150010810000250012324500320014826000540018030000370023450400320027100004458820201002045501.0140718s1992 nyuaf 000 0 spa d a0671456547 aDO-SdBNPbspacBNPHU axxxxbxxxx1 aMcCullough, David G.10aTruman /cDavid McCullough. aNew York :bTouchstone,bSimon & Schuster,c1992. a1117 p. :bil, làms. ;c24 cm. aBibliography : p. 1058-1082